Asfalto para carreteras y aerodromos
Descripción Física:
34 p. : il. ; 23 cm
Otros Autores:
The Asphalt Institute
MARC
| LEADER | 00000nam a2200000Ia 4500 | ||
|---|---|---|---|
| 001 | 24419 | ||
| 008 | 160829s9999 xx 000 0 cat d | ||
| 080 | |a FU-67-5 | ||
| 245 | |a Asfalto para carreteras y aerodromos | ||
| 260 | |a New York City : |b The Asphalt Institute, [s.a] | ||
| 300 | |a 34 p. : |b il. ; |c 23 cm | ||
| 590 | |a Text en castellà | ||
| 650 | |a Aeroports |9 49425 | ||
| 650 | |a Asfalt |9 49020 | ||
| 650 | 0 | |a Carreteres |9 48807 | |
| 700 | |a The Asphalt Institute |9 49426 | ||
| 901 | |a Arxiu | ||
| 942 | |n 1 | ||
| 952 | |0 0 |1 0 |4 0 |6 FU675 |7 1 |9 55324 |a Arxiu |b Arxiu |d 2016-12-01 |l 0 |o FU-67-5 |p 24419 |r 2016-12-01 00:00:00 |w 2016-12-01 |y ARXIU | ||
| 999 | |c 59197 |d 59197 | ||